000 00618nam a2200217 a 4500
005 20230921063657.0
008 040429s2002 mx r 000 0 spa d
020 _a8466307656
035 _aUPN01000133213
049 _aCG
050 4 _aPQ8180.23 U8
_bN5.3
100 1 _aMutis, Alvaro,
_d1923-2013
_929702
245 1 3 _aLa nieve del almirante /
_cAlvaro Mutis.
260 _aMadrid :
_bSuma de Letras,
_c2002.
300 _a200 p.
440 0 _aPunto de lectura ;
_v210.2
500 _a"Premio Cervantes 2001"
650 4 _aLiteratura colombiana
_912879
650 0 _aNovela colombiana
_95359
905 _aLibro
999 _c105365
_d105365